Rupaul's Drag Race (Season 4) - Statistics

General Stats
  • This quiz has been taken 525 times
  • The average score is 9 of 11
Answer Stats
Hint Answer % Correct
Phi Phi O'Hara
99%
Sharon Needles
98%
Latrice Royale
97%
Jiggly Caliente
95%
Chad Michaels
93%
Dida Ritz
91%
Lashawn Beyond
87%
The Princess
84%
Willam Belli
74%
Alisa Summers
72%
Kenya Michales
10%
No matching quizzes found
Score Distribution
Percent of People with Each Score
Percentile by Number Answered
Your Score History
You have not taken this quiz